[Event "AUT-chT2O 1617"]
[Site "Austria"]
[Date "2016.10.15"]
[Round "1.2"]
[White "Ganaus, Hannes"]
[Black "Ivancsics, Michael"]
[Result "1/2-1/2"]
[WhiteElo "2277"]
[BlackElo "2231"]
[PlyCount "106"]
[EventDate "2016.10.15"]
[EventType "team-tourn"]
[EventRounds "11"]
[EventCountry "AUT"]
[SourceTitle "EXT 2017"]
[Source "ChessBase"]
[SourceDate "2016.10.25"]
[SourceVersion "1"]
[SourceVersionDate "2016.10.25"]
[SourceQuality "1"]
[WhiteTeam "Poechlarn"]
[BlackTeam "Favoriten"]
[WhiteTeamCountry "AUT"]
[BlackTeamCountry "AUT"]

1. d4 Nf6 2. Nf3 c5 3. d5 e6 4. Nc3 exd5 5. Nxd5 Nxd5 6. Qxd5 Nc6 7. e4 Be7 8. Bc4 0-0 9. Bf4 d6 10. Qd2 Be6 11. Bxe6 fxe6 12. 0-0 d5 13. exd5 exd5 14. Rfe1 Qd7 15. Ne5 Nxe5 16. Bxe5 Rad8 17. c3 Bf6 18. Rad1 d4 19. Bxf6 Rxf6 20. Qg5 b6 21. cxd4 cxd4 22. Rd3 h6 23. Qe5 Qf5 24. Qxf5 Rxf5 25. g3 Kf7 26. Re4 Rfd5 27. h4 R8d6 28. Kg2 h5 29. Kf3 Kf6 30. b4 Kf5 31. a4 a6 32. g4+ hxg4+ 33. Rxg4 Kf6 34. Kg3 g6 35. Re4 Kf5 36. Re8 Re5 37. Rxe5+ Kxe5 38. Kf3 Rf6+ 39. Ke2 Kd5 40. b5 axb5 41. axb5 Kc4 42. Rg3 Re6+ 43. Kd2 Rf6 44. Ke2 d3+ 45. Rxd3 Rxf2+ 46. Kxf2 Kxd3 47. Kf3 Kc4 48. Kf4 Kxb5 49. Kg5 Kc4 50. Kxg6 b5 51. h5 b4 52. h6 b3 53. h7 b2 1/2-1/2

[Event "AUT-chT 0102"]
[Site "Austria"]
[Date "2001.11.02"]
[Round "3.6"]
[White "Janetschek, Karl"]
[Black "Ivancsics, Michael"]
[Result "1-0"]
[WhiteElo "2326"]
[BlackElo "2299"]
[PlyCount "101"]
[EventDate "2001.10.31"]
[EventType "team-tourn"]
[EventRounds "11"]
[EventCountry "AUT"]
[SourceTitle "EXT 2002"]
[Source "ChessBase"]
[SourceDate "2001.11.25"]
[SourceVersion "1"]
[SourceVersionDate "2001.11.25"]
[SourceQuality "1"]
[WhiteTeam "Hietzing/Fischer SK"]
[BlackTeam "Fuerstenfeld SK"]
[WhiteTeamCountry "AUT"]
[BlackTeamCountry "AUT"]

1. e4 g6 2. d4 Bg7 3. Nc3 c6 4. Nf3 d5 5. h3 Nf6 6. e5 Ne4 7. Bd3 Nxc3 8. bxc3 c5 9. dxc5 0-0 10. 0-0 Nd7 11. Bf4 Nxc5 12. Qd2 b6 13. Rae1 Bb7 14. Bh6 Rc8 15. Nh2 Bxh6 16. Qxh6 Nxd3 17. cxd3 Rxc3 18. f4 d4 19. f5 Rc2 20. Re4 gxf5 21. Rf3 Rxg2+ 22. Kxg2 Bxe4 23. dxe4 Kh8 24. Rxf5 Rg8+ 25. Rg5 Qc7 26. Rxg8+ Kxg8 27. Nf3 Qc4 28. Kg3 Qe2 29. Qd2 Qxe4 30. Qxd4 Qc2 31. a3 Qc7 32. Qf4 Qc3 33. Qa4 Qc7 34. Kg2 Kg7 35. Qg4+ Kf8 36. Qe4 f6 37. Qxh7 fxe5 38. Qf5+ Ke8 39. Nxe5 Qc5 40. Qh5+ Kd8 41. Qd1+ Ke8 42. Qh5+ Kd8 43. Nf7+ Kd7 44. Qxc5 bxc5 45. Kf3 Ke6 46. Nd8+ Kd5 47. h4 a6 48. h5 Ke5 49. h6 Kf6 50. Ne6 c4 51. h7 1-0

[Event "AUT-chT2S 0001"]
[Site "Austria"]
[Date "2000.12.09"]
[Round "5"]
[White "Ivancsics, Michael"]
[Black "Forintos, Gyozo Victor"]
[Result "0-1"]
[WhiteElo "2286"]
[BlackElo "2357"]
[PlyCount "76"]
[EventDate "2000.??.??"]
[EventType "team"]
[EventRounds "11"]
[EventCountry "AUT"]
[SourceTitle "EXT 2002"]
[Source "ChessBase"]
[SourceDate "2001.11.25"]
[SourceVersion "1"]
[SourceVersionDate "2001.11.25"]
[SourceQuality "1"]

1. d4 Nf6 2. c4 e6 3. Nf3 c5 4. d5 exd5 5. cxd5 Bd6 6. Nc3 0-0 7. g3 Re8 8. Bg2 a6 9. a4 Bc7 10. 0-0 d6 11. Nd2 Nbd7 12. Nc4 Nb6 13. b3 Rb8 14. Qc2 Bd7 15. Bd2 Nc8 16. a5 Bb5 17. Qa2 b6 18. axb6 Nxb6 19. Na5 Qd7 20. Rfe1 Nc8 21. Nc6 Rb7 22. e4 Ne7 23. e5 dxe5 24. Nxe5 Bxe5 25. Rxe5 Rbb8 26. Bg5 Ng4 27. Bh3 f5 28. Bxg4 fxg4 29. Rae1 Ng6 30. Rxe8+ Rxe8 31. Rxe8+ Qxe8 32. Qd2 Ne5 33. Kg2 Qh5 34. Bh4 Nf3 35. Qe3 g5 36. Qe6+ Qf7 37. Qxg4 h5 38. Qxf3 Bf1+ 0-1

[Event "AUT-chT2S 9900"]
[Site "Austria"]
[Date "2000.02.27"]
[Round "8.5"]
[White "Ivancsics, Michael"]
[Black "Beck, Hartmuth"]
[Result "1/2-1/2"]
[WhiteElo "2255"]
[BlackElo "2235"]
[PlyCount "30"]
[EventDate "1999.10.??"]
[EventType "team"]
[EventRounds "11"]
[EventCountry "AUT"]
[SourceTitle "EXT 2002"]
[Source "ChessBase"]
[SourceDate "2001.11.25"]
[SourceVersion "1"]
[SourceVersionDate "2001.11.25"]
[SourceQuality "1"]

1. d4 f5 2. g3 Nf6 3. Bg2 g6 4. c4 Bg7 5. Nh3 d6 6. d5 c6 7. 0-0 0-0 8. Nc3 e5 9. dxe6 Bxe6 10. Qd3 Nbd7 11. Ng5 Qe7 12. Nxe6 Qxe6 13. Rd1 Ne5 14. Qxd6 Qxd6 15. Rxd6 Nxc4 1/2-1/2

[Event "AUT-chT2S 9900"]
[Site "Austria"]
[Date "1999.11.20"]
[Round "3.1"]
[White "Ivancsics, Michael"]
[Black "Horvath, Jozsef"]
[Result "0-1"]
[WhiteElo "2255"]
[BlackElo "2526"]
[PlyCount "94"]
[EventDate "1999.10.??"]
[EventType "team"]
[EventRounds "11"]
[EventCountry "AUT"]
[SourceTitle "EXT 2002"]
[Source "ChessBase"]
[SourceDate "2001.11.25"]
[SourceVersion "1"]
[SourceVersionDate "2001.11.25"]
[SourceQuality "1"]

1. d4 Nf6 2. c4 g6 3. g3 Bg7 4. Bg2 d6 5. Nf3 0-0 6. 0-0 c6 7. Nc3 Qb6 8. b3 e5 9. Bb2 e4 10. Ne1 d5 11. Nc2 Re8 12. Rb1 Be6 13. Na4 Qd8 14. Nc5 Bc8 15. Bc1 b6 16. Na4 Be6 17. cxd5 cxd5 18. Bf4 Nc6 19. Qd2 Rc8 20. Rbc1 Qe7 21. Nc3 a6 22. Na4 Nd7 23. b4 Na7 24. f3 exf3 25. exf3 Nb5 26. Rfe1 Qf8 27. Bf1 Bf5 28. Rxe8 Rxe8 29. Ne3 Nxd4 30. Kg2 b5 31. Nc5 Nb6 32. Nxf5 Nxf5 33. Nxa6 Nc4 34. Bxc4 dxc4 35. Nc5 Rd8 36. Qe1 h5 37. a4 bxa4 38. Nxa4 Ra8 39. Nb6 Ra2+ 40. Kh3 c3 41. Be5 Qxb4 42. Bxg7 g5 43. Qe8+ Kh7 44. Bd4 g4+ 45. fxg4 hxg4+ 46. Kxg4 Qxd4+ 47. Kg5 Nd6 0-1

[Event "AUT-chT2S 9900"]
[Site "Austria"]
[Date "1999.10.09"]
[Round "1.1"]
[White "Ivancsics, Michael"]
[Black "Bukal, Vladimir Jr"]
[Result "0-1"]
[WhiteElo "2255"]
[BlackElo "2390"]
[PlyCount "110"]
[EventDate "1999.10.??"]
[EventType "team"]
[EventRounds "11"]
[EventCountry "AUT"]
[SourceTitle "EXT 2002"]
[Source "ChessBase"]
[SourceDate "2001.11.25"]
[SourceVersion "1"]
[SourceVersionDate "2001.11.25"]
[SourceQuality "1"]

1. d4 d5 2. c4 c6 3. Nf3 Nf6 4. Nc3 a6 5. c5 g6 6. Bf4 Bg7 7. h3 0-0 8. e3 Bf5 9. Qb3 Qc8 10. Be2 Nbd7 11. 0-0 Ne4 12. Rad1 h6 13. Na4 Ra7 14. Nb6 Nxb6 15. Qxb6 Ra8 16. Be5 Nf6 17. Bh2 Bc2 18. Rd2 Ba4 19. b3 Bb5 20. a4 Bxe2 21. Rxe2 a5 22. Qc7 Qxc7 23. Bxc7 Nd7 24. Rb1 Rfc8 25. Bg3 Ra6 26. b4 axb4 27. Rxb4 b6 28. cxb6 Nxb6 29. Ra2 c5 30. dxc5 Rxc5 31. Nd4 Rc1+ 32. Kh2 e5 33. Ne2 Rc5 34. f4 exf4 35. Nxf4 Rc4 36. Rb5 d4 37. e4 Rcxa4 38. Rab2 Nc4 39. Rb8+ Kh7 40. R2b7 Ra7 41. Nd3 Ra3 42. Rxa7 Rxa7 43. Rb4 Ne3 44. Be5 Ra2 45. Rxd4 Rxg2+ 46. Kh1 Rd2 47. Rd7 Bxe5 48. Nxe5 Rxd7 49. Nxd7 g5 50. Kg1 Nc4 51. Kf2 Kg6 52. Kf3 Kh5 53. Nf6+ Kh4 54. Kg2 Nd2 55. Ng4 Kh5 0-1

[Event "AUT-chT2S 9899"]
[Site "Austria"]
[Date "1998.10.17"]
[Round "1.3"]
[White "Ivancsics, Michael"]
[Black "Thaler, Heimo"]
[Result "1-0"]
[WhiteElo "2255"]
[BlackElo "2145"]
[PlyCount "49"]
[EventDate "1998.10.??"]
[EventType "team"]
[EventRounds "11"]
[EventCountry "AUT"]
[SourceTitle "EXT 2001"]
[Source "ChessBase"]
[SourceDate "2000.11.22"]
[SourceVersion "1"]
[SourceVersionDate "2000.11.22"]
[SourceQuality "1"]

1. d4 Nf6 2. c4 e6 3. Nf3 b6 4. g3 Bb7 5. Bg2 Bb4+ 6. Bd2 Qe7 7. 0-0 Bxd2 8. Qxd2 d6 9. Nc3 Ne4 10. Nxe4 Bxe4 11. d5 c5 12. dxe6 fxe6 13. Rad1 d5 14. Ne5 Bxg2 15. Kxg2 d4 16. e3 Qb7+ 17. Kg1 Nc6 18. Nxc6 Qxc6 19. exd4 0-0-0 20. Qe3 Rhf8 21. dxc5 bxc5 22. Rfe1 Rxd1 23. Rxd1 Rf5 24. Qd3 Qc7 25. Qe4 1-0

[Event "AUT-chT2S 9798"]
[Site "Austria"]
[Date "1998.02.08"]
[Round "8"]
[White "Ivancsics, Michael"]
[Black "Staudner, Oliver"]
[Result "1/2-1/2"]
[WhiteElo "2235"]
[BlackElo "2340"]
[PlyCount "36"]
[EventDate "1997.??.??"]
[EventType "team"]
[EventRounds "11"]
[EventCountry "AUT"]
[SourceTitle "EXT 1999"]
[Source "ChessBase"]
[SourceDate "1998.11.16"]
[SourceVersion "1"]
[SourceVersionDate "1998.11.16"]
[SourceQuality "1"]

1. d4 d6 2. c4 g6 3. g3 Bg7 4. Bg2 c6 5. Nc3 Nh6 6. e4 e5 7. Nge2 0-0 8. 0-0 Na6 9. h3 f6 10. Rb1 Nc7 11. Be3 Qe7 12. b4 Nf7 13. dxe5 fxe5 14. c5 Ne6 15. cxd6 Qxd6 16. b5 Nd4 17. bxc6 bxc6 18. Qa4 c5 1/2-1/2

[Event "AUT-chT 9899"]
[Site "Austria"]
[Date "1998.??.??"]
[Round "?"]
[White "Ivancsics, Michael"]
[Black "Gaertner, Guntram"]
[Result "1/2-1/2"]
[WhiteElo "2240"]
[BlackElo "2315"]
[PlyCount "55"]
[EventDate "1998.??.??"]
[EventType "team"]
[EventRounds "11"]
[EventCountry "AUT"]
[SourceTitle "EXT 2000"]
[Source "ChessBase"]
[SourceDate "1999.11.16"]
[SourceVersion "1"]
[SourceVersionDate "1999.11.16"]
[SourceQuality "1"]

1. d4 d5 2. c4 c6 3. Nc3 Nf6 4. Nf3 a6 5. c5 Bf5 6. Qb3 Qc8 7. Bf4 g6 8. h3 Bg7 9. e3 0-0 10. Be2 Ne4 11. g4 Nxc3 12. bxc3 Be4 13. Rg1 Bxf3 14. Bxf3 e5 15. Bg3 Nd7 16. Rb1 Rb8 17. Kd2 b6 18. cxb6 Rxb6 19. Qa3 Qb7 20. Rxb6 Qxb6 21. Qb3 Qa5 22. Rb1 Rb8 23. Qxb8+ Nxb8 24. Rxb8+ Bf8 25. Bxe5 Qxa2+ 26. Kd3 Qc4+ 27. Kd2 Qa2+ 28. Kd3 1/2-1/2

[Event "AUT-chT 9798"]
[Site "Austria"]
[Date "1997.11.09"]
[Round "5"]
[White "Loebler, Heimo"]
[Black "Ivancsics, Michael"]
[Result "1/2-1/2"]
[WhiteElo "2255"]
[BlackElo "2235"]
[PlyCount "70"]
[EventDate "1997.10.12"]
[EventType "team-tourn"]
[EventRounds "11"]
[EventCountry "AUT"]
[SourceTitle "CBM 063 ext"]
[Source "ChessBase"]
[SourceDate "1998.04.29"]
[SourceVersion "1"]
[SourceVersionDate "1998.04.29"]
[SourceQuality "1"]
[WhiteTeam "Graz Austria"]
[BlackTeam "Fuerstenfeld"]
[WhiteTeamCountry "AUT"]
[BlackTeamCountry "AUT"]

1. d4 g6 2. c4 Bg7 3. Nc3 d6 4. e4 Nc6 5. d5 Nd4 6. Be3 c5 7. Nge2 Qb6 8. Na4 Qa5+ 9. Bd2 Qa6 10. Nxd4 Bxd4 11. Nc3 Qb6 12. Qc2 Bd7 13. Be2 Nf6 14. h3 e6 15. dxe6 fxe6 16. 0-0 0-0 17. Rae1 Bc6 18. Bf3 Nd7 19. Bg4 Rae8 20. Nd5 exd5 21. exd5 Ne5 22. dxc6 Nxg4 23. hxg4 Qxc6 24. Rxe8 Rxe8 25. Re1 Rxe1+ 26. Bxe1 b5 27. cxb5 Qxb5 28. Bc3 Qc4 29. Qd2 d5 30. Qf4 Qxa2 31. Qb8+ Kg7 32. Qc7+ Kg8 33. Qd8+ Kf7 34. Qd7+ Kg8 35. Qe8+ Kg7 1/2-1/2

[Event "Oberwart op"]
[Site "Oberwart"]
[Date "1997.07.07"]
[Round "3"]
[White "Ivancsics, Michael"]
[Black "Petschar, Kurt"]
[Result "1/2-1/2"]
[WhiteElo "2240"]
[BlackElo "2270"]
[PlyCount "104"]
[EventDate "1997.07.05"]
[EventType "swiss"]
[EventRounds "9"]
[EventCountry "AUT"]
[SourceTitle "EXT 1999"]
[Source "ChessBase"]
[SourceDate "1998.11.16"]
[SourceVersion "1"]
[SourceVersionDate "1998.11.16"]
[SourceQuality "1"]

1. d4 Nf6 2. c4 e6 3. Nf3 Bb4+ 4. Bd2 c5 5. Bxb4 cxb4 6. Qb3 a5 7. a3 bxa3 8. bxa3 0-0 9. Nc3 d6 10. e3 Nbd7 11. Be2 b6 12. 0-0 Qe7 13. Rab1 Ba6 14. Nd2 Rfc8 15. Rfc1 Ra7 16. Nb5 Bxb5 17. Qxb5 Rac7 18. Qb2 h5 19. Bd1 d5 20. cxd5 exd5 21. Rxc7 Rxc7 22. Ba4 Qd8 23. Rc1 Qc8 24. Rxc7 Qxc7 25. g3 Nf8 26. Nf3 Ng6 27. Kg2 Kf8 28. Qb3 Kg8 29. Qb5 Qd6 30. Qb2 Qc7 31. Qb3 Kf8 32. Bb5 Kg8 33. Bd3 Ne7 34. Ne5 Nc8 35. Bb5 Ne7 36. h4 g6 37. Nd3 Ne4 38. Nf4 Qc3 39. Qa2 Qe1 40. Bd3 Nc3 41. Qb2 Kg7 42. Bf1 Nd1 43. Qe2 Qxe2 44. Bxe2 Nc3 45. Kf1 Kf8 46. Ke1 Ke8 47. Bd3 b5 48. Kd2 Ne4+ 49. Bxe4 dxe4 50. Ne2 Nd5 51. Nc3 Nxc3 52. Kxc3 Kd7 1/2-1/2

[Event "AUT-ch sf"]
[Site "Finkenstein"]
[Date "1990.??.??"]
[Round "?"]
[White "Ivancsics, Michael"]
[Black "Schuh, Franz"]
[Result "1-0"]
[WhiteElo "2230"]
[BlackElo "2300"]
[PlyCount "119"]
[EventDate "1990.??.??"]
[EventType "swiss"]
[EventRounds "9"]
[EventCountry "AUT"]
[SourceTitle "EXT 1997"]
[Source "ChessBase"]
[SourceDate "1996.11.15"]
[SourceVersion "1"]
[SourceVersionDate "1996.11.15"]
[SourceQuality "1"]

1. d4 Nf6 2. c4 g6 3. g3 Bg7 4. Bg2 0-0 5. Nf3 d6 6. 0-0 Nbd7 7. Nc3 c6 8. h3 e5 9. e4 Qe7 10. Re1 exd4 11. Nxd4 Nc5 12. Bf4 Rd8 13. Qc2 Nh5 14. Be3 a5 15. Rad1 Be6 16. b3 Rac8 17. g4 Nf6 18. f4 h6 19. Nde2 Nh7 20. Ng3 g5 21. Rf1 gxf4 22. Bxf4 Be5 23. Qd2 Qh4 24. Nh5 Bxf4 25. Qxf4 Qg5 26. Rxd6 Qxf4 27. Rxd8+ Rxd8 28. Nxf4 Rd2 29. Rf2 Rd8 30. Rc2 Nf6 31. e5 Ne8 32. Ne4 Nxe4 33. Bxe4 Rd4 34. Re2 Nc7 35. Kf2 Kf8 36. Ke3 Rd1 37. Rd2 Rxd2 38. Kxd2 Ke7 39. Ke3 Na6 40. Kd4 Bd7 41. Nd3 b6 42. c5 b5 43. a3 Nc7 44. Nf4 Na6 45. Bd3 Be6 46. Nxe6 Kxe6 47. Be4 b4 48. a4 Nb8 49. h4 Ke7 50. Bf5 Na6 51. Bd3 Nb8 52. Be4 Ke6 53. Bf5+ Ke7 54. Bc8 Kd8 55. g5 hxg5 56. h5 Ke7 57. Ke4 g4 58. Kf4 f5 59. exf6+ Kxf6 60. Kxg4 1-0

[Event "AUT-ch sf"]
[Site "Finkenstein"]
[Date "1990.??.??"]
[Round "?"]
[White "Schlosser, Michael"]
[Black "Ivancsics, Michael"]
[Result "1-0"]
[WhiteElo "2340"]
[BlackElo "2230"]
[PlyCount "49"]
[EventDate "1990.??.??"]
[EventType "swiss"]
[EventRounds "9"]
[EventCountry "AUT"]
[SourceTitle "EXT 1997"]
[Source "ChessBase"]
[SourceDate "1996.11.15"]
[SourceVersion "1"]
[SourceVersionDate "1996.11.15"]
[SourceQuality "1"]

1. e4 d6 2. d4 Nf6 3. Nc3 g6 4. f4 Bg7 5. Nf3 c5 6. dxc5 Qa5 7. Bd3 Qxc5 8. Qe2 Bg4 9. Be3 Qa5 10. 0-0 0-0 11. h3 Bxf3 12. Qxf3 Nc6 13. a3 Nd7 14. Bd2 Qb6+ 15. Kh1 Nc5 16. Rab1 Rac8 17. f5 e6 18. f6 Bh8 19. g4 Ne5 20. Qg3 Ncxd3 21. cxd3 Qd4 22. Bh6 Rfd8 23. Rbd1 Bxf6 24. Be3 Bh4 25. Qg1 1-0